LEADER 01473nam2 22003133i 450 001 NAP0406305 005 20251003044249.0 010 $a2876472287 100 $a20080513e20051906||||0itac50 ba 101 | $afre 102 $afr 181 1$6z01$ai $bxxxe 182 1$6z01$an 183 1$6z01$anc$2RDAcarrier 200 1 $aˆ1: Les ‰mathématiques dans l''antiquitè, les mathématiques au moyen-age et pendant la Renaissance, les mathématiques modernes de Descartes a Huygens$fW. W. Rouse Ball 210 $a[Paris]$cJ. Gabay$d[2005] 215 $aVII, 422 p.$cill.$d24 cm 300 $aRipr. facs. dell'ed.: Paris : Librairie Scientifique A. Hermann, 1906. 461 1$1001NAP0406310$12001 $aHistoire des mathématiques$fW. W. Rouse Ball$v1 700 1$aBall$b, Walter William Rouse$3MILV207283$4070$044598 790 1$aBall$b, W. W. Rouse$c $3MILV253149$zBall, Walter William Rouse 790 1$aBall$b, W. W. R.$3UTOV498368$zBall, Walter William Rouse 801 3$aIT$bIT-000000$c20080513 850 $aIT-BN0095 912 $aNAP0406305 950 2$aBiblioteca Centralizzata di Ateneo$cv. 1-2$d 01RIPR. FACSFr. B 0037$e 0102 0000066375 VMA (0001 v. 1$fY $h20080513$i20080513 977 $a 01 996 $aMathématiques dans l''antiquitè, les mathématiques au moyen-age et pendant la Renaissance, les mathématiques modernes de Descartes a Huygens$91573030 997 $aUNISANNIO